Maritime operations law in practice : (Record no. 33483)
[ view plain ]
| 000 -LEADER | |
|---|---|
| fixed length control field | 03665cam a22003858i 4500 |
| 001 - CONTROL NUMBER | |
| control field | 22700741 |
| 003 - CONTROL NUMBER IDENTIFIER | |
| control field | OSt |
| 005 - DATE AND TIME OF LATEST TRANSACTION | |
| control field | 20260420115142.0 |
| 008 - FIXED-LENGTH DATA ELEMENTS--GENERAL INFORMATION | |
| fixed length control field | 220718s2022 enk b 001 0 eng |
| 010 ## - LIBRARY OF CONGRESS CONTROL NUMBER | |
| LC control number | 2022032219 |
| 020 ## - INTERNATIONAL STANDARD BOOK NUMBER | |
| International Standard Book Number | 9781032308524 |
| Qualifying information | (hardback) |
| 020 ## - INTERNATIONAL STANDARD BOOK NUMBER | |
| International Standard Book Number | 9781032308548 |
| Qualifying information | (paperback) |
| 020 ## - INTERNATIONAL STANDARD BOOK NUMBER | |
| Canceled/invalid ISBN | 9781003307013 |
| Qualifying information | (ebook) |
| 040 ## - CATALOGING SOURCE | |
| Original cataloging agency | MMARA-U |
| Language of cataloging | eng |
| Description conventions | MMARA-U |
| Transcribing agency | MMARA-U |
| Modifying agency | MMARA-U |
| 050 00 - LIBRARY OF CONGRESS CALL NUMBER | |
| Classification number | KZA1145 |
| Item number | .M238 2022 |
| 245 00 - TITLE STATEMENT | |
| Title | Maritime operations law in practice : |
| Remainder of title | key cases and incidents / |
| Statement of responsibility, etc. | Edited by David Letts and Rob McLaughlin. |
| 260 ## - PUBLICATION, DISTRIBUTION, ETC. (IMPRINT) | |
| Place of publication, distribution, etc. | New York, NY : |
| Name of publisher, distributor, etc. | Routledge, |
| Date of publication, distribution, etc. | 2022. |
| 264 #1 - PRODUCTION, PUBLICATION, DISTRIBUTION, MANUFACTURE, AND COPYRIGHT NOTICE | |
| Place of production, publication, distribution, manufacture | Abingdon, Oxon ; |
| -- | New York, NY : |
| Name of producer, publisher, distributor, manufacturer | Routledge, |
| Date of production, publication, distribution, manufacture, or copyright notice | 2022. |
| 300 ## - PHYSICAL DESCRIPTION | |
| Extent | xxiv, 255 pages , |
| 336 ## - CONTENT TYPE | |
| Content type term | text |
| Content type code | txt |
| Source | rdacontent |
| 337 ## - MEDIA TYPE | |
| Media type term | unmediated |
| Media type code | n |
| Source | rdamedia |
| 338 ## - CARRIER TYPE | |
| Carrier type term | volume |
| Carrier type code | nc |
| Source | rdacarrier |
| 490 0# - SERIES STATEMENT | |
| Series statement | Routledge research in the law of the sea |
| 500 ## - GENERAL NOTE | |
| General note | Includes bibliographical references and index. |
| 504 ## - BIBLIOGRAPHY, ETC. NOTE | |
| Bibliography, etc | Includes bibliographical references and index. |
| 505 0# - FORMATTED CONTENTS NOTE | |
| Formatted contents note | Introduction (David Letts and Rob McLaughlin) -- The 'Lotus Case' (France V Turkey) (Camille Goodman) -- ARA Libertad (Martin Fink) -- The MS Achille Lauro Hijacking (Steven Haines) -- The So San Incident (Douglas Guilfoyle) -- United States of America v Lei Shi (David Letts) -- The Ali and Shibin Cases in Relation to Article 101(C) of UNCLOS and the Facilitation of Piracy (Tamsin Phillipa Paige and Rob McLaughlin) -- The Black Sea Bumping Incident (Pete Pedrozo) -- I'm Alone (Stuart Kaye) -- The Red Crusader Incident (Rob McLaughlin) -- MV Saiga (No.2) (Phil Drew) -- The 'Whiskey on the Rocks' Incident (Cameron Moore) -- RMS Lusitania (Cameron Moore) -- The Admiral Graf Spee in Montevideo (James Farrant) -- The Altmark Incident (James Farrant) -- The Sinking of ARA General Belgrano (David Letts) -- The Mavi Marmara Incident (Douglas Guilfoyle). |
| 520 ## - SUMMARY, ETC. | |
| Summary, etc. | "The law that applies to maritime operations at sea is complex and comprises two distinct elements, treaty law 1982 UN Convention on the Law of the Sea, and the cases and incidents that occur at sea in both peacetime, and during armed conflict, which result in the creation of customary international law applicable to maritime operations at sea. Covering sovereignty and vessel status, jurisdiction and interdiction, freedom of navigation, maritime law enforcement and security, and the law of naval warfare, this edited collection brings together the most famous and influential cases and incidents at sea. Exploring the entire spectrum of maritime operations from high end warfighting to constabulary operations that are conducted by naval forces and maritime law enforcement agencies at sea to provide the factual circumstances of each case or incident. Offering sophisticated analysis and insights into the case or incidents enduring importance, and their significance for the development of the law applicable to maritime operations. Offering a detailed account and evaluation of the most critical but rarely understood cases in Maritime Operations Law, which encourages comparison between key cases, this book will be an essential reference for practitioners, scholars, teachers, and students of maritime operations law"-- |
| Assigning source | Provided by publisher. |
| 650 #0 - SUBJECT ADDED ENTRY--TOPICAL TERM | |
| Topical term or geographic name as entry element | Law of the sea. |
| 9 (RLIN) | 2995 |
| 650 #0 - SUBJECT ADDED ENTRY--TOPICAL TERM | |
| Topical term or geographic name as entry element | War, Maritime (International law) |
| 9 (RLIN) | 2996 |
| 650 #0 - SUBJECT ADDED ENTRY--TOPICAL TERM | |
| Topical term or geographic name as entry element | Maritime law |
| General subdivision | Criminal provisions. |
| 9 (RLIN) | 2997 |
| 700 1# - ADDED ENTRY--PERSONAL NAME | |
| Personal name | Letts, David, |
| Relator term | editor. |
| 9 (RLIN) | 2998 |
| 700 1# - ADDED ENTRY--PERSONAL NAME | |
| Personal name | McLaughlin, Rob, |
| Relator term | editor. |
| 9 (RLIN) | 2999 |
| 776 08 - ADDITIONAL PHYSICAL FORM ENTRY | |
| Relationship information | Online version: |
| Main entry heading | Maritime operations law in practice |
| Place, publisher, and date of publication | Abingdon, Oxon ; New York, NY : Routledge, 2022 |
| International Standard Book Number | 9781003307013 |
| Record control number | (DLC) 2022032220 |
| 942 ## - ADDED ENTRY ELEMENTS (KOHA) | |
| Source of classification or shelving scheme | Library of Congress Classification |
| Koha item type | L |
| Withdrawn status | Lost status | Source of classification or shelving scheme | Damaged status | Not for loan | Home library | Current library | Date acquired | Source of acquisition | Cost, normal purchase price | Total Checkouts | Full call number | Barcode | Date last seen | Price effective from | Koha item type |
|---|---|---|---|---|---|---|---|---|---|---|---|---|---|---|---|
| Library of Congress Classification | Maasai Mara University Library -Main Campus | Maasai Mara University Library -Main Campus | 04/20/2026 | Donation | 8618.10 | KZA 1145 .M238 2022 | 26040782 | 04/20/2026 | 04/20/2026 | L |